Cours supérieur d'orthographe: cycle d'observation

Salvato in:
Dettagli Bibliografici
Autore principale: Bled, E.
Natura: Libro
Lingua:Undetermined
Pubblicazione: París, Francia Classiques Hachette 1954
Soggetti:
Tags: Aggiungi Tag
Nessun Tag, puoi essere il primo ad aggiungerne!!

MARC

LEADER 00000nam a2200000Ia 4500
008 170316s9999 xx 000 0 und d
090 |a 415-F B-3c 
100 |a Bled, E. 
245 |a Cours supérieur d'orthographe: cycle d'observation 
260 |a París, Francia 
260 |b Classiques Hachette 
260 |c 1954 
300 |a 281 páginas 
650 |a GRAMÁTICA FRANCESA 
999 |c 19134  |d 19134 
040 |a cru BVZT 
942 |c 15 D  |h 415-F B-3c  |2 z